[Event "4th Jessie Gilbert Open"]
[Site "Coulsdon ENG"]
[Date "2011.08.28"]
[Round "9"]
[White "Jones,V"]
[Black "Warman,S"]
[Result "1-0"]
[WhiteElo "2153"]
[BlackElo "2058"]

1.e4 c5 2.Nf3 e6 3.d4 cxd4 4.Nxd4 a6 5.Bd3 Bc5 6.Nb3 Ba7 7.Qg4 Nf6 8.Qg3 d6
9.Nc3 Nc6 10.Bg5 h6 11.Bd2 Nh5 12.Qf3 g6 13.Qe2 Ne5 14.O-O-O Qf6 15.Rhf1 Nf4
16.Bxf4 Qxf4+ 17.Kb1 Bd7 18.g3 Qf6 19.f4 Nxd3 20.Rxd3 Qe7 21.Rfd1 Bb8 22.e5 d5
23.Rxd5 exd5 24.Nxd5 Bb5 25.Qd2 Qe6 26.Nc5 Qc6 27.Nf6+ Ke7 28.Qb4 a5 29.Qa3 Bd6
30.Nd5+ Kf8 31.exd6 Be2 32.Qc3 Rg8 33.Ne6+  1-0

[Event "TCh-SUI 2011"]
[Site "Switzerland SUI"]
[Date "2011.08.28"]
[Round "7.6"]
[White "Georgiadis,N"]
[Black "Drabke,L"]
[Result "1/2-1/2"]
[WhiteElo "2260"]
[BlackElo "2454"]

1.e4 c5 2.Nf3 e6 3.d4 cxd4 4.Nxd4 a6 5.Bd3 Nf6 6.O-O Qc7 7.Nc3 Bc5 8.Nb3 Be7
9.Qe2 d6 10.f4 Nbd7 11.a4 b6 12.Bd2 Bb7 13.Rae1 e5 14.f5 O-O 15.Bg5 Rfc8
16.Nd2 Qc5+ 17.Kh1 h6 18.Bxf6 Nxf6 19.Bc4 Qb4 20.Bb3 Rc7 21.Rf3 Rac8 22.Rg3 Kf8
23.Rd3 b5 24.axb5 axb5 25.Re3 Rc5 26.Na2 Qa5 27.c3 Qa7 28.Nb4 Bd8 29.Nd3 R5c6
30.Nb4 Rc5 31.Nd3 R5c7 32.Nb4 Rc5 33.Nd3  1/2-1/2

[Event "10th Sunny Beach Open"]
[Site "Sunny Beach BUL"]
[Date "2011.08.29"]
[Round "3.22"]
[White "Romanov,Se1"]
[Black "Spassov,L"]
[Result "1/2-1/2"]
[WhiteElo "2162"]
[BlackElo "2379"]

1.e4 c5 2.Nf3 e6 3.d4 cxd4 4.Nxd4 a6 5.Bd3 Bc5 6.Nb3 Be7 7.O-O d6 8.c4 Nc6
9.Be3 Nf6 10.f4 h5 11.h3 b6 12.Nc3 Bb7 13.a3 h4 14.Nd4 Rc8 15.Rc1 Nd7 16.Nf3 Bf6
17.b4 Ne7 18.Qe2 Ng6 19.Nd4 Qe7 20.Qg4 Bxd4 21.Bxd4 e5 22.Nd5 Bxd5 23.exd5 O-O
24.f5 Nf6 25.Qg5 Nf4 26.Rxf4 exf4 27.Qxf4 Nd7 28.f6 Nxf6 29.Qxh4 Rfe8 30.Rf1 Ne4
31.Qg4 Qg5 32.Qxg5 Nxg5 33.Bxb6 Ne4 34.Re1 Nf6 35.Rd1 Nd7 36.Bd4 g6 37.Kf2 a5
38.Rc1 axb4 39.axb4 Rb8 40.Rb1 Rec8 41.b5 Nb6 42.Bxb6 Rxb6 43.Ra1 Rcb8 44.Ke3 Kf8
45.Kd4 Ke7 46.Re1+ Kd7 47.Rf1 Ke7 48.Be2 Ra8 49.Re1 Kd8  1/2-1/2

[Event "TCh-SRB Premier Women"]
[Site "Valjevo SRB"]
[Date "2011.08.29"]
[Round "3.2"]
[White "Chelushkina,I"]
[Black "Zivanovic,Na"]
[Result "1-0"]
[WhiteElo "2296"]
[BlackElo "1567"]

1.e4 c5 2.Nf3 e6 3.d4 cxd4 4.Nxd4 a6 5.Bd3 g6 6.O-O Bg7 7.c3 d6 8.a4 Ne7
9.Na3 Nd7 10.Nc4 Nb6 11.Nxb6 Qxb6 12.a5 Qc7 13.Be3 O-O 14.Nb3 Bd7 15.Bb6 Qb8
16.Re1 Nc8 17.Be3 Bf6 18.Bc2 b6 19.f4 bxa5 20.e5 a4 21.exf6 axb3 22.Be4 d5
23.Bd3 Bb5 24.Bb1 Bc4 25.Qg4 h5 26.Qg3 Kh7 27.Qg5 Kg8 28.Qh6  1-0

[Event "18th Graz Open"]
[Site "Graz AUT"]
[Date "2011.08.30"]
[Round "4"]
[White "Wittmann,W"]
[Black "Lanka,Z"]
[Result "1/2-1/2"]
[WhiteElo "2295"]
[BlackElo "2469"]

1.e4 c5 2.Nf3 e6 3.d4 cxd4 4.Nxd4 a6 5.Bd3 Bc5 6.Nb3 Ba7 7.Qg4 Nf6 8.Qg3 d6
9.Nc3 Nc6 10.Bg5 b5 11.a3 Ne5 12.Rd1 Bd7 13.O-O h6 14.Be3 Nh5 15.Qh3 Bxe3
16.Qxe3 Qh4 17.g3 Qe7 18.Be2  1/2-1/2

[Event "TCh-SRB Premier Men"]
[Site "Valjevo SRB"]
[Date "2011.08.30"]
[Round "4.1"]
[White "Zivkovic,I"]
[Black "Paunovic,D"]
[Result "1/2-1/2"]
[WhiteElo "2367"]
[BlackElo "2503"]

1.e4 c5 2.Nf3 e6 3.d4 cxd4 4.Nxd4 a6 5.Bd3 Nf6 6.O-O e5 7.Nb3 d6 8.c4 Be7
9.Nc3 O-O 10.Kh1 Nc6 11.f4 exf4 12.Bxf4 Ng4 13.Qd2 Nge5 14.Nd5 Be6 15.Be2 Rc8
16.Rad1 Ng6 17.Nxe7+ Ncxe7 18.Bxd6 Bxc4 19.Bxc4 Rxc4 20.Nc5 Qc8 21.Bxe7 Nxe7
22.Nd7 Rc2 23.Qg5 f6 24.Rxf6 h6 25.Qg3 Rd8 26.Rfd6 Kh8 27.h3 Rc1 28.Rxh6+ gxh6
29.Qe5+ Kh7 30.Qxe7+ Kh8 31.Qe5+ Kg8 32.Qe6+ Kg7 33.Qf6+ Kh7 34.Qf5+ Kh8
35.Qe5+ Kg8 36.Qd5+ Kg7 37.Qe5+ Kg8 38.Nf6+ Kf7 39.Rxc1 Qxc1+ 40.Kh2 Qc6
41.Qh5+ Kg7 42.Qg4+ Kf7 43.Qh5+ Kg7 44.Qg4+  1/2-1/2

[Event "10th Sunny Beach Open"]
[Site "Sunny Beach BUL"]
[Date "2011.08.31"]
[Round "5.46"]
[White "Romanov,Se1"]
[Black "Lao,L"]
[Result "1-0"]
[WhiteElo "2162"]
[BlackElo "1882"]

1.e4 c5 2.Nf3 e6 3.d4 cxd4 4.Nxd4 a6 5.Bd3 Qc7 6.Qe2 d6 7.c4 Nd7 8.f4 b6
9.Nc3 Bb7 10.O-O h5 11.Bd2 Rc8 12.b4 Ngf6 13.Rae1 h4 14.h3 Nh5 15.Qg4 Ng3
16.Nd5 Bxd5 17.exd5 e5 18.Rf3 Nf6 19.fxe5 dxe5 20.Rxe5+ Be7 21.Rxe7+ Kxe7
22.Qxg7 Ngh5 23.Nf5+ Kd7 24.Qxf7+ Kd8 25.Qxc7+ Rxc7 26.Bg5 Kc8 27.Bxf6 Nxf6
28.Nd6+  1-0

[Event "TCh-SRB Premier Men"]
[Site "Valjevo SRB"]
[Date "2011.08.31"]
[Round "5.4"]
[White "Roganovic,Milo"]
[Black "Benkovic,P"]
[Result "0-1"]
[WhiteElo "2476"]
[BlackElo "2423"]

1.e4 c5 2.Nf3 e6 3.d4 cxd4 4.Nxd4 a6 5.Bd3 Qc7 6.O-O Nf6 7.Nc3 d6 8.f4 b5
9.a3 Bb7 10.Qe2 Nbd7 11.Nf3 Rc8 12.Bd2 Be7 13.Rae1 Nc5 14.e5 Nxd3 15.cxd3 Ng4
16.Ne4 Bxe4 17.dxe4 Qc5+ 18.Kh1 Qc4 19.h3 h5 20.Qxc4 Rxc4 21.b3 Rc2 22.Rc1 Rxc1
23.Bxc1 dxe5 24.fxe5 Bc5 25.b4 Bb6 26.Ng5 Nxe5 27.Bb2 Bc7 28.Nf3 Nxf3 29.gxf3 f6
30.Rc1 Kd7 31.Rg1 Rh7 32.Rd1+ Kc6 33.Rc1+ Kb7 34.Rg1 Bf4 35.Bd4 h4 36.Rd1 Rh8
37.Rg1 Bg3 38.Rd1 Rd8 39.Rd2 Bf4  0-1

[Event "10th Izmir Open"]
[Site "Izmir TUR"]
[Date "2011.09.02"]
[Round "3"]
[White "Guven,B"]
[Black "Morchiashvili,B"]
[Result "0-1"]
[WhiteElo "1903"]
[BlackElo "2364"]

1.e4 c5 2.Nf3 e6 3.d4 cxd4 4.Nxd4 a6 5.Bd3 Qb6 6.c3 Nc6 7.O-O Nxd4 8.cxd4 Qxd4
9.Be3 Qf6 10.Nc3 Ne7 11.f4 Nc6 12.f5 Qd8 13.Qh5 d6 14.Bc4 g6 15.fxg6 fxg6
16.Qe2 Ne5 17.a4 Bg7 18.a5 Bd7 19.Bb3 Rf8 20.Qd2 Rxf1+ 21.Rxf1 Nf7 22.Na4 Bb5
23.Re1 Qe7 24.Nb6 Rd8 25.Rc1 Qf6 26.Bf2 Bh6 27.Be3 Bxe3+ 28.Qxe3 Ne5 29.h3 Nc6
30.Qh6 Nd4 31.Rc7 Qf1+ 32.Kh2 Qf2 33.Bd1 Be2 34.Bxe2 Nxe2 35.Rc1 Nxc1 36.Qxc1 Qc5
37.Qh6 Qe5+ 38.Kh1 Qxa5 39.Qe3 Qc5 40.Qb3 Qc1+ 41.Kh2 Qf4+ 42.Kh1 Qxe4 43.Qc3 e5
44.Qc7 Qc6 45.Qxh7 Qxb6 46.Qg8+ Kd7 47.Qf7+ Kc8 48.Qe6+ Kb8  0-1

[Event "TCh-SRB Premier Men"]
[Site "Valjevo SRB"]
[Date "2011.09.02"]
[Round "7.3"]
[White "Popovic,Pe"]
[Black "Benkovic,P"]
[Result "1-0"]
[WhiteElo "2489"]
[BlackElo "2423"]

1.e4 c5 2.Nf3 e6 3.d4 cxd4 4.Nxd4 a6 5.Bd3 Nf6 6.O-O d6 7.c4 Nbd7 8.Nc3 Ne5
9.Be2 Ng6 10.Be3 Be7 11.a4 O-O 12.a5 Qc7 13.Nb3 Bd7 14.Bb6 Qc8 15.Re1 Re8
16.Bf1 Qb8 17.h3 Rc8 18.Bd4 Bc6 19.Nd2 Rc7 20.Na4 Qf8 21.Nb6 Rd8 22.Rc1 d5
23.exd5 exd5 24.Bxf6 gxf6 25.cxd5 Bb4 26.Ne4 Bxa5 27.Nxf6+ Kh8 28.Qh5 Qg7
29.d6 Rxd6 30.Rxc6 Bxe1 31.Rxd6 Nf8 32.Ng4 Qxb2 33.Rd8 Bb4 34.Nd5 Rc1 35.Nxb4  1-0

[Event "3rd Zenderood Open"]
[Site "Esfahan IRI"]
[Date "2011.09.03"]
[Round "3"]
[White "Pahlevanzadeh,M"]
[Black "Rasulov,Vu"]
[Result "0-1"]
[WhiteElo "2136"]
[BlackElo "2523"]

1.e4 c5 2.Nf3 e6 3.d4 cxd4 4.Nxd4 a6 5.Bd3 g6 6.O-O Bg7 7.Be3 Ne7 8.Nc3 O-O
9.Qd2 d5 10.exd5 exd5 11.Rad1 Re8 12.Nce2 Nbc6 13.c3 Ne5 14.Ng3 N7c6 15.Nxc6 bxc6
16.Be2 Rb8 17.Rfe1 Qc7 18.h4 Be6 19.h5 c5 20.h6 Bh8 21.Bf4 f6 22.Bf3 Rbd8
23.Qc1 Bf7 24.Be2 Qb6 25.b3 f5 26.Bf1 Ng4 27.Rxe8+ Rxe8 28.c4 Bd4 29.Nh1 Qf6
30.Bg5 Qd6 31.Bf4 Be5 32.Bxe5 Qxe5 33.g3 d4  0-1

[Event "15th Cesenatico Open"]
[Site "Cesenatico ITA"]
[Date "2011.09.04"]
[Round "2"]
[White "De Filomeno,S"]
[Black "Fedorchuk,S"]
[Result "0-1"]
[WhiteElo "2293"]
[BlackElo "2635"]

1.e4 c5 2.Nf3 e6 3.d4 cxd4 4.Nxd4 a6 5.Bd3 Qc7 6.O-O Bc5 7.Nb3 Be7 8.f4 d6
9.a4 b6 10.c4 Nd7 11.a5 Rb8 12.Nc3 Ngf6 13.Kh1 O-O 14.axb6 Qxb6 15.Na5 Nc5
16.Be3 Qc7 17.Bd4 Nfd7 18.Bc2 Bf6 19.b3 Nb7 20.Bxf6 Nxf6 21.Nxb7 Bxb7 22.Qd3 Rfd8
23.Qh3 Qc5 24.Rae1 h6 25.Re2 Rd7 26.Rd1 Bc6 27.Red2 a5 28.Rd4 e5 29.fxe5 dxe5
30.Rxd7 Bxd7 31.Qg3 a4 32.Nxa4 Bxa4 33.bxa4 Rb2 34.Bd3 Qd4 35.Qh3 g6 36.Qf3 Rf2
37.Be2 Rxf3 38.Rxd4 Re3 39.Rd8+ Kg7 40.Bf1 Nxe4 41.a5 Ra3 42.Rd5 f5 43.Kg1 Kf6
44.g3 Ra1 45.Kg2 Ra2+ 46.Kg1 Ng5 47.Bg2 e4 48.h4 Nf7 49.Rb5 Ne5 50.Rb6+ Ke7
51.a6 Ra1+ 52.Kh2 g5 53.h5 g4 54.Rxh6 Nf3+ 55.Bxf3 gxf3 56.a7 f2 57.a8=Q Rxa8
58.Kg2 e3 59.Rh7+ Kf6 60.Rh6+ Ke5  0-1

[Event "15th Cesenatico Open"]
[Site "Cesenatico ITA"]
[Date "2011.09.04"]
[Round "2"]
[White "Galassi,F"]
[Black "Friedrich,N"]
[Result "0-1"]
[WhiteElo "2176"]
[BlackElo "2311"]

1.e4 c5 2.Nf3 e6 3.d4 cxd4 4.Nxd4 a6 5.Bd3 Nf6 6.Qe2 d6 7.c4 b6 8.Nc3 Bb7
9.O-O Nbd7 10.f4 Be7 11.Kh1 O-O 12.b3 g6 13.Nf3 Qc7 14.Bb2 Nh5 15.Qd2 Rad8
16.Rae1 Rfe8 17.g4 Nhf6 18.g5 Nh5 19.Ne2 e5 20.fxe5 dxe5 21.Nc3 Bb4 22.Nd5 Bxd2
23.Nxc7 Bxe1 24.Nxe8 Bb4 25.Nc7 Nc5 26.Bc2 Nxe4 27.Bxe4 Bxe4 28.Bxe5 a5 29.Nd5 Bc5
30.Nc3 Bc6 31.Nb1 Rd1 32.Rxd1 Bxf3+  0-1

[Event "VII Ugra Governor's Cup"]
[Site "Khanty-Mansiysk RUS"]
[Date "2011.09.04"]
[Round "5"]
[White "Kurnosov,I"]
[Black "Kotsur,P"]
[Result "1/2-1/2"]
[WhiteElo "2633"]
[BlackElo "2558"]

1.e4 c5 2.Nf3 e6 3.d4 cxd4 4.Nxd4 a6 5.Bd3 Ne7 6.O-O g6 7.c4 Bg7 8.Be3 O-O
9.Nc3 f5 10.f4 d6 11.Qd2 Nbc6 12.Nf3 e5 13.Nd5 Nxd5 14.exd5 exf4 15.Bxf4 Ne5
16.Rae1 Qc7 17.b4 b6 18.Nxe5 dxe5 19.Bh6 Bxh6 20.Qxh6 Qd6 21.Qc1 Qxb4 22.Rxe5 Bd7
23.Rfe1 Rae8 24.Rxe8 Rxe8 25.Rxe8+ Bxe8 26.Qe3 Qc5 27.Kf2 Kf7 28.Kf3 Qxe3+
29.Kxe3 Ke7 30.h4 Bd7 31.Kd4 Kd6 32.g3 h6 33.Bc2 g5 34.hxg5 hxg5 35.Bd3 Bc8
36.Bf1 Bd7 37.Bd3 Bc8 38.Bf1 Bd7 39.Bd3 Bc8  1/2-1/2

[Event "TCh-POL 1st League"]
[Site "Mrzezyno POL"]
[Date "2011.09.04"]
[Round "2"]
[White "Lach,A"]
[Black "Helis,T"]
[Result "0-1"]
[WhiteElo "2177"]
[BlackElo "2222"]

1.e4 c5 2.Nf3 e6 3.d4 cxd4 4.Nxd4 a6 5.Bd3 Bc5 6.Nb3 Ba7 7.c4 d6 8.O-O Nf6
9.Bg5 Nc6 10.Nc3 h6 11.Bh4 Ne5 12.Be2 Ng6 13.Bg3 e5 14.Qd3 Be6 15.Kh1 Rc8
16.Nd2 O-O 17.f4 Nxf4 18.Bxf4 exf4 19.Rxf4 Nd7 20.Nd5 Ne5 21.Qb3 Bc5 22.Raf1 Rb8
23.Qc3 Ng6 24.Rf5 Bxf5 25.exf5 Ne7 26.f6 Nxd5 27.cxd5 Re8 28.Bd3 Qb6 29.Bb1 Be3
30.Nc4 Qd4 31.Qc2 g6 32.Nxd6 Bg5 33.Nxe8 Rxe8 34.h3 Qxd5 35.Qf2 Re6 36.Qg3 Rxf6
37.Rxf6 Bxf6 38.Bc2 Qxa2 39.Bb3 Qb1+ 40.Kh2 Bd4 41.Bxf7+ Kg7 42.Qf4 Qg1+
43.Kg3 Qe3+  0-1

[Event "Paignton Ron Bruce Premier"]
[Site "Paignton ENG"]
[Date "2011.09.04"]
[Round "1"]
[White "Hodgson,Jo"]
[Black "Cutmore,M"]
[Result "1/2-1/2"]
[WhiteElo "2208"]
[BlackElo "2048"]

1.e4 c5 2.Nf3 e6 3.d4 cxd4 4.Nxd4 a6 5.Bd3 Bc5 6.Nb3 Be7 7.O-O d6 8.Qg4 g6
9.Qe2 Nd7 10.Na3 h5 11.f4 Qc7 12.Nc4 b5 13.Ncd2 Ngf6 14.Nf3 Bb7 15.Bd2 h4
16.a4 b4 17.a5 d5 18.e5 Ne4 19.Be3 Ndc5 20.Nxc5 Bxc5 21.Rfc1 h3 22.g3 d4
23.Bf2 Nxf2 24.Kxf2  1/2-1/2

[Event "10th Sunny Beach Open"]
[Site "Sunny Beach BUL"]
[Date "2011.09.04"]
[Round "9.21"]
[White "Bagdasarov,V"]
[Black "Spassov,L"]
[Result "1-0"]
[WhiteElo "2158"]
[BlackElo "2379"]

1.e4 c5 2.Nf3 e6 3.d4 cxd4 4.Nxd4 a6 5.Bd3 Nf6 6.O-O Qc7 7.c4 Nc6 8.Nxc6 dxc6
9.f4 e5 10.f5 Bc5+ 11.Kh1 h5 12.Nc3 Ng4 13.Na4 Nf2+ 14.Rxf2 Bxf2 15.Qe2 Bd4
16.c5 Qa5 17.b3 Bxa1 18.Bd2 Qc7 19.Nb6 Rb8 20.Nc4 b5 21.Nd6+ Kf8 22.Qe1 Bd4
23.b4 a5 24.Bc2 Bd7 25.Bb3 Be8 26.f6 g6 27.Qc1 Qd8 28.Bh6+ Kg8 29.Qg5  1-0

[Event "VII Ugra Governor's Cup"]
[Site "Khanty-Mansiysk RUS"]
[Date "2011.09.05"]
[Round "6"]
[White "Popov,Artemiy"]
[Black "Kabanova,E"]
[Result "0-1"]
[WhiteElo "1649"]
[BlackElo "2199"]

1.e4 c5 2.Nf3 e6 3.d4 cxd4 4.Nxd4 a6 5.Bd3 Qc7 6.O-O Nf6 7.Qe2 d6 8.c4 Nbd7
9.Nc3 Be7 10.Be3 O-O 11.Rac1 Re8 12.Rfd1 b6 13.f4 Nc5 14.Bb1 Bb7 15.Bf2 Ncd7
16.h3 Rac8 17.b3 Qb8 18.Nf3 h6 19.Na4 Bc6 20.Nc3 Ba8 21.Rd2 b5 22.cxb5 axb5
23.Rdc2 b4 24.Na4 Rxc2 25.Bxc2 Rc8 26.Re1 Bc6 27.Nb2 Qa8 28.Bb1 d5 29.Nd4 Bb7
30.e5 Ne4 31.Bxe4 dxe4 32.Nc4 Ba6 33.Qxe4 Qxe4 34.Rxe4 Bxc4 35.bxc4 Rxc4
36.Re1 Nc5 37.Be3 Na4 38.Re2 Nc3 39.Rd2 Nd5 40.Kf2 Bc5 41.Kf3 Rc3 42.Nc2 Nxe3
43.Nxe3 Rxe3+ 44.Kg4 g6 45.Kh4  0-1

[Event "Yuzhny Open"]
[Site "Yuzhny UKR"]
[Date "2011.09.05"]
[Round "5.5"]
[White "Tregubov,V"]
[Black "Sivuk,V"]
[Result "1/2-1/2"]
[WhiteElo "2390"]
[BlackElo "2436"]

1.e4 c5 2.Nf3 e6 3.d4 cxd4 4.Nxd4 a6 5.Bd3 g6 6.Be3 Bg7 7.Nd2 Ne7 8.f4 O-O
9.N2f3 Nbc6 10.O-O Nxd4 11.Nxd4 Nc6 12.Nxc6 bxc6 13.e5 d6 14.exd6 Qxd6 15.c3 Rb8
16.Qe2 c5 17.Rad1 Qc6 18.Bc4 Bb7 19.Rd2 Rfd8 20.Rfd1 Rxd2 21.Rxd2 Bf6 22.Qf2 Rc8
23.Be2 Bh4 24.Qf3 Qc7 25.Qf1 Qa5 26.Bc4 Qa4 27.Qe2 Qc6 28.Qf1 Rd8 29.Rxd8+ Bxd8
30.Qf2 Bh4 31.Qd2 Be7 32.Bf1 h5 33.Qe2 h4 34.h3 Qd5 35.Qc4 Kg7 36.a3 Qxc4
37.Bxc4 a5 38.Bf2 Bd5 39.Bxd5 exd5 40.Kf1 a4 41.Ke2 c4 42.Bb6 Kf6 43.Kf3 Kf5
44.Bd4 Bd6 45.Be3 Bc7 46.Bc1 Bb6 47.Bd2 Bc5 48.Be1 Be7 49.Bd2 Bd8 50.Be3 Bf6
51.Bd2 Be7 52.Be3 Bd6 53.Bd2 f6 54.Be3 g5 55.fxg5 fxg5 56.Bc1 Be5 57.Bd2 Bf4
58.Bxf4 gxf4 59.Kf2 Ke5 60.Ke1 Kd6 61.Kd2 Ke6 62.Ke2 Kf6 63.Kf2 Kf5 64.Kf1 Ke5
65.Ke1 d4 66.cxd4+ Kd5 67.Kd1  1/2-1/2

[Event "VII Ugra Governor's Cup"]
[Site "Khanty-Mansiysk RUS"]
[Date "2011.09.08"]
[Round "9"]
[White "Kotlyar,K"]
[Black "Ivanov,Tim"]
[Result "1/2-1/2"]
[WhiteElo "2241"]
[BlackElo "2325"]

1.e4 c5 2.Nf3 e6 3.d4 cxd4 4.Nxd4 a6 5.Bd3 Bc5 6.Nb3 Be7 7.O-O d6 8.Qg4 g6
9.Qe2 Nc6 10.Be3 Nf6 11.N1d2 O-O 12.Nc4 Nd7 13.a4 Nce5 14.Nxe5 Nxe5 15.a5 Bd7
16.Bb6 Qe8 17.f4 Nxd3 18.cxd3 e5 19.Qe3 Bd8 20.d4 exf4 21.Qxf4 Bxb6 22.axb6 Bb5
23.Rfc1 Bd3 24.Na5 Qb5 25.Qe3 Rae8 26.e5 dxe5 27.d5 Qxd5 28.Rc7 Rb8 29.b4 e4
30.Rac1 Qd6 31.Qc5 Qf4 32.Qf2 Qxf2+ 33.Kxf2 Rfe8 34.Nxb7 Re6 35.Nc5 Rexb6
36.Nd7 Rxb4 37.Nxb8 Rxb8 38.Rc8+ Rxc8 39.Rxc8+ Kg7 40.Rc6 h5 41.h4 a5 42.Rc5 a4
43.Ra5 Bc2 44.Ke3 Kf6 45.Rc5 Bb3 46.Ra5 Bc2 47.Rc5 Bb3 48.Ra5 Ke6 49.Kxe4 Kd6
50.Kd4 Kc6 51.g3 Kb6 52.Ra8 Kc6 53.Ra5 Kb6 54.Ra8 Kb5 55.Rb8+ Kc6 56.Ra8 Kd6
57.Ra6+ Ke7 58.Ke5 Kd7 59.Kd4 Kc7  1/2-1/2

[Event "TCh-POL 1st League"]
[Site "Mrzezyno POL"]
[Date "2011.09.09"]
[Round "7"]
[White "Tazbir,M"]
[Black "Jaracz,P"]
[Result "1-0"]
[WhiteElo "2520"]
[BlackElo "2558"]

1.e4 c5 2.Nf3 e6 3.d4 cxd4 4.Nxd4 a6 5.Bd3 Bc5 6.Nb3 Be7 7.Qg4 g6 8.Qe2 d6
9.a4 Nc6 10.Nc3 Ne5 11.h3 Bd7 12.Be3 Nf6 13.Bh6 Bc6 14.O-O Nh5 15.Be3 O-O
16.g4 Ng7 17.f4 Nxd3 18.cxd3 f5 19.Nd4 Bd7 20.Qg2 e5 21.fxe5 dxe5 22.Nf3 f4
23.Bf2 Bd6 24.Nd5 Ne6 25.Bb6 Qe8 26.g5 Kh8 27.b3 h6 28.h4 Bc6 29.Rac1 Rc8
30.Nf6 Qe7 31.Ng4 hxg5 32.Ngxe5 Bxe5 33.Nxe5 Qg7 34.d4 f3 35.Rxf3 Nf4 36.Qh2 Bxe4
37.hxg5+ Nh5 38.Rxc8 Rxc8 39.Qh3 Rc1+ 40.Rf1 Rxf1+ 41.Qxf1 Qe7 42.Qg2 Bf5
43.Bc5 Qc7 44.Qh2 Kh7 45.Nf3 Qc6 46.Kf2 Be4 47.Nd2 Bf5 48.a5 Bg4 49.Ke3 Qb5
50.b4 Bf5 51.Qe2 Qa4 52.Qf3 Ng7 53.Qh1+ Kg8 54.Qd5+ Be6 55.Qd8+ Kh7 56.Ne4 Qb3+
57.Kf4 Nh5+ 58.Ke5 Bf7 59.d5 Qb2+ 60.Kd6 Qh2+ 61.Ke7 Bg8 62.Qd7 Ng7 63.Nf6+ Kh8
64.Nxg8 Kxg8 65.Kd8 Qb8+ 66.Qc8 Qe5 67.Qxb7 Qxg5+ 68.Kc8 Qe5 69.Qc6 g5 70.d6 Ne6
71.d7 Kf7 72.d8=Q  1-0

[Event "5th ch-Euro IBCA"]
[Site "Rhodes GRE"]
[Date "2011.09.10"]
[Round "5.2"]
[White "Yatsishin,I"]
[Black "Wassin,S"]
[Result "0-1"]
[WhiteElo "2136"]
[BlackElo "2304"]

1.e4 c5 2.Nf3 e6 3.d4 cxd4 4.Nxd4 a6 5.Bd3 Bc5 6.Nb3 Ba7 7.O-O Ne7 8.Nc3 Nbc6
9.Bg5 Qc7 10.Kh1 Ng6 11.Qh5 b5 12.Rae1 Bb7 13.a4 b4 14.Nd5 Qd6 15.Ne3 O-O
16.f4 f6 17.e5 fxe5 18.Bxg6 hxg6 19.Qxg6 Ne7 20.fxe5 Rxf1+ 21.Rxf1 Nxg6 22.exd6 Rc8
23.Rc1 Ne5 24.h3 Nf7 25.Bf4 g5 26.Na5 gxf4 27.Ng4 Ba8  0-1

[Event "TCh-POL 1st League"]
[Site "Mrzezyno POL"]
[Date "2011.09.11"]
[Round "9"]
[White "Gorecka,J"]
[Black "Warakomska,A"]
[Result "0-1"]
[WhiteElo "2095"]
[BlackElo "2172"]

1.e4 c5 2.Nf3 e6 3.d4 cxd4 4.Nxd4 a6 5.Bd3 Nf6 6.O-O d6 7.Kh1 g6 8.f4 Bg7
9.Nc3 Nbd7 10.Be3 O-O 11.Bg1 Qc7 12.Nf3 b5 13.Qe1 Bb7 14.a3 Nc5 15.f5 gxf5
16.exf5 e5 17.Bxc5 Qxc5 18.Qh4 Rfe8 19.Rae1 Qc7 20.Ne4 Bxe4 21.Rxe4 d5 22.Rg4 Nxg4
23.Qxg4 f6 24.Ng1 e4 25.Be2 Qxc2 26.Rd1 Rad8 27.Nh3 Qxb2 28.Nf4 Qe5  0-1

[Event "ch-Euro Youth b18"]
[Site "Albena BUL"]
[Date "2011.09.12"]
[Round "2.1"]
[White "Grandelius,N"]
[Black "Di Nicolantonio,L"]
[Result "1-0"]
[WhiteElo "2536"]
[BlackElo "2324"]

1.e4 c5 2.Nf3 e6 3.d4 cxd4 4.Nxd4 a6 5.Bd3 Bc5 6.Nb3 Ba7 7.O-O Nc6 8.Qg4 Nf6
9.Qxg7 Rg8 10.Qh6 Ne5 11.Be2 b5 12.Bg5 Rg6 13.Qh4 Bb7 14.N1d2 h6 15.Bxf6 Rxf6
16.a4 Ke7 17.axb5 Ng6 18.Qg4 h5 19.Qg5 Qh8 20.b6 Bxb6 21.Nc4 Nf4 22.Qe5 Nxe2+
23.Kh1 Qb8 24.Qxb8 Rxb8 25.Nxb6 Bxe4 26.Nxd7 Kxd7 27.Nc5+ Ke7 28.Nxe4 Rf4
29.f3 Rxb2 30.c4 Rb6 31.c5 Rc6 32.Rfb1 Rc7 33.Rxa6 Nd4 34.Rab6 f5 35.Rb7 Kd8
36.Rxc7 Kxc7 37.Ng5 Kc6 38.g3 Rxf3 39.Nxf3 Nxf3 40.Rb6+ Kxc5 41.Rxe6 Kd5
42.Rh6 h4 43.Kg2 Ke4 44.gxh4 Kf4 45.Rh8 Ne1+ 46.Kf2 Nd3+ 47.Ke2 Ne5 48.Rg8 Ng4
49.h5 Nf6 50.h6  1-0

[Event "2nd Livigno Open A"]
[Site "Livigno ITA"]
[Date "2011.09.12"]
[Round "1"]
[White "Timoshenko,G"]
[Black "Reverby,M"]
[Result "1-0"]
[WhiteElo "2572"]
[BlackElo "2153"]

1.e4 c5 2.Nf3 e6 3.d4 cxd4 4.Nxd4 a6 5.Bd3 Nc6 6.Nxc6 bxc6 7.O-O e5 8.Nd2 Bc5
9.Nb3 Ba7 10.c4 d6 11.c5 Nf6 12.Bg5 h6 13.Bxf6 Qxf6 14.Bc4 dxc5 15.Qe2 Bb6
16.Rac1 O-O 17.Rc3 Ra7 18.a4 a5 19.Rd1 Rd7 20.Rcd3 Rxd3 21.Rxd3 Bd7 22.Nd2 Bc8
23.h3 Qe7 24.Nf1 Rd8 25.Rf3 Be6 26.Ne3 g6 27.Bxe6 Qxe6 28.Ng4 Kg7 29.Qe3 Rh8
30.Qb3 Qxb3 31.Rxb3 Bc7 32.Rb7 Rc8 33.Kf1 h5 34.Ne3 Kf6 35.Ke2 Ke6 36.Nc4 f5
37.f3 fxe4 38.fxe4 Bd8 39.Rg7 Bf6 40.Rxg6 Rb8 41.Rg3 Ra8 42.b3 h4 43.Rg6 Kf7
44.Rh6 Rg8 45.Kf2 Ra8 46.Rh7+ Ke6 47.Rc7 Ra6 48.Ke2 Bd8 49.Rh7 Bf6 50.Kd3 Ra8
51.Rc7 Ra6 52.Kc3 Bd8 53.Rh7 Bf6 54.Rh6 Ra8 55.Ne3 Rf8 56.Ng4 Ke7 57.Rxf6 Rxf6
58.Nxf6 Kxf6 59.Kc4 Kg5 60.Kxc5 Kf4 61.b4  1-0

[Event "ch-Euro Youth g18"]
[Site "Albena BUL"]
[Date "2011.09.13"]
[Round "3.20"]
[White "Shakryan,Z"]
[Black "Forsa,E"]
[Result "1-0"]
[WhiteElo "2006"]
[BlackElo "1724"]

1.e4 c5 2.Nf3 e6 3.d4 cxd4 4.Nxd4 a6 5.Bd3 Bc5 6.Nb3 Be7 7.c4 d6 8.O-O Nf6
9.Nc3 Nbd7 10.Qe2 b6 11.f4 Qc7 12.Bd2 Bb7 13.Rae1 Rd8 14.Nd4 Nc5 15.Bc2 O-O
16.Nf3 Kh8 17.Kh1 Ba8 18.b4 Ncd7 19.Bd3 Bb7 20.a3 Nb8 21.e5 Ne8 22.Bb1 g6
23.Rc1 Ng7 24.Ne4 dxe5 25.fxe5 Nd7 26.Bc3 Nf5 27.Nd6 Kg8 28.Nxb7 Qxb7 29.Be4 Qc7
30.Bb2 Rb8 31.Rc2 Rfc8 32.Qd2 Bf8 33.Bxf5 exf5 34.e6 fxe6 35.Qd4 h6 36.Qh8+ Kf7
37.Qh7+ Ke8 38.Qxg6+ Ke7 39.Nd4 Qd6 40.Re2 Ne5 41.Rxe5 Qxe5 42.Nc6+ Rxc6
43.Bxe5  1-0

[Event "ch-Euro Youth b16"]
[Site "Albena BUL"]
[Date "2011.09.13"]
[Round "3.20"]
[White "Yurtseven,M"]
[Black "Drozdowski,K"]
[Result "1/2-1/2"]
[WhiteElo "2088"]
[BlackElo "2306"]

1.e4 c5 2.Nf3 e6 3.d4 cxd4 4.Nxd4 a6 5.Bd3 Nf6 6.O-O d6 7.c4 Nbd7 8.Nc3 g6
9.Be3 Bg7 10.f3 O-O 11.Qd2 Qc7 12.Rfc1 b6 13.Bf1 Bb7 14.a4 Rab8 15.b4 Rfc8
16.a5 bxa5 17.b5 Nc5 18.Rcb1 Nfd7 19.Ra3 Bf8 20.Qa2 Ra8 21.Ra1 axb5 22.Ndxb5 Qd8
23.Rd1 Ra6 24.Bf4 Rcc6 25.Nd4 Rcb6 26.Ndb5 a4 27.Be3 Qb8 28.Ra1 Bc6 29.Nxa4 Nxa4
30.Rxa4 Rxa4 31.Qxa4 Nc5 32.Qa7 Rb7 33.Qxb8 Rxb8 34.Bf4 e5 35.Be3 Ne6 36.Ra6 Rc8
37.Rb6 Nd8 38.Na7 Rc7 39.Rb8 Ne6 40.Nb5 Rb7 41.Rc8 Bd7 42.Ra8 Kg7 43.Ra1 Nc7
44.Ra7 Rxa7 45.Bxa7 Ne8 46.Bb6 f6 47.Kf2 Kf7 48.Bd3 Ke7 49.Nc3 Bc6 50.Nd5+ Kf7
51.Bc2 Be7 52.Ba7 Bd8 53.Bb3 Bxd5 54.cxd5 Ba5 55.Ba4 Ng7 56.Be3 f5 57.Bd7 f4
58.Ba7 Ke7 59.Bc6 Kd8 60.Kf1 Kc7 61.Bf2 g5 62.g3 fxg3 63.hxg3 Nh5 64.Bb5 Nf6
65.Be3 h6 66.Bd3 Nh5 67.Kg2 Be1 68.g4 Nf6 69.Bb5 Ng8 70.Kf1 Ba5 71.Kg2 Ne7
72.Be8 Kb7 73.Kf1 Ka6 74.Kg2 Bb6 75.Bd2 Bc5 76.Be1 Nc8 77.Ba4 Nb6 78.Bb3 Kb5
79.Kf1 Bd4 80.Bd1 Nd7 81.Be2+ Ka4 82.Bd1+ Ka3 83.Ke2 Kb2 84.Bb4 Bc5 85.Ba5 Bb6  1/2-1/2

[Event "ch-Euro Youth b18"]
[Site "Albena BUL"]
[Date "2011.09.14"]
[Round "4.9"]
[White "Pavlidis,Ant"]
[Black "Weichhold,P"]
[Result "0-1"]
[WhiteElo "2427"]
[BlackElo "2288"]

1.e4 c5 2.Nf3 e6 3.d4 cxd4 4.Nxd4 a6 5.Bd3 Bc5 6.Nb3 Be7 7.Be3 Nf6 8.N1d2 Nc6
9.f4 d6 10.O-O O-O 11.c3 b5 12.a4 b4 13.a5 Bb7 14.Bb6 Qb8 15.Nc4 Re8 16.Qd2 d5
17.exd5 Nxd5 18.f5 e5 19.Rae1 f6 20.Kh1 Kh8 21.Be4 Nxb6 22.Nxb6 Nxa5 23.Nxa5 Bxe4
24.Nxa8 Qxa8 25.Qe2 Bd5 26.c4 Bf7 27.Qe4 g6 28.Qxa8 Rxa8 29.Rd1 Be8 30.Rd5 gxf5
31.c5 Rc8 32.Rc1 e4 33.Rxf5 Bg6 34.Rd5 e3 35.c6 Be4 36.Rd7 Rg8 37.Rxe7 Bxg2+
38.Kg1 Be4+ 39.Kf1 Bd3+  0-1

[Event "TUR-IRI Friendship Match"]
[Site "Ankara TUR"]
[Date "2011.09.14"]
[Round "6"]
[White "Haznedaroglu,K"]
[Black "Alavi,S"]
[Result "0-1"]
[WhiteElo "2444"]
[BlackElo "2422"]

1.e4 c5 2.Nf3 e6 3.d4 cxd4 4.Nxd4 a6 5.Bd3 Bc5 6.Nb3 Ba7 7.Qe2 Nc6 8.Be3 d6
9.N1d2 e5 10.O-O Bxe3 11.Qxe3 Nf6 12.Rfd1 O-O 13.Bc4 Qc7 14.a4 Be6 15.a5 Rad8
16.c3 d5 17.exd5 Nxd5 18.Qc5 Nf4 19.Ne4 Rxd1+ 20.Rxd1 Rd8 21.Rd2 Bxc4 22.Qxc4 Rxd2
23.Nexd2 Qd7 24.Qe4 Nd3 25.Qe2 Qd5 26.c4 Qd8 27.Nf1 Nf4 28.Qe1 Qd3 29.Nc5 Qxc4
30.Nxb7 Nd4 31.f3 Qb5 32.Qe4 Qxb2 33.Ne3 f5  0-1

[Event "ch-Euro Youth g18"]
[Site "Albena BUL"]
[Date "2011.09.15"]
[Round "5.21"]
[White "Ostrowska,D"]
[Black "Tulay,S"]
[Result "1-0"]
[WhiteElo "1942"]
[BlackElo "1784"]

1.e4 c5 2.Nf3 e6 3.d4 cxd4 4.Nxd4 a6 5.Bd3 Qc7 6.Nc3 Nf6 7.O-O b5 8.Qe2 d6
9.a4 b4 10.Na2 d5 11.e5 Nfd7 12.f4 Nc6 13.Be3 Nc5 14.Rac1 Nxd4 15.Bxd4 Nxa4
16.Kh1 Bc5 17.Bxc5 Qxc5 18.f5 Nxb2 19.Qg4 g6 20.fxg6 hxg6 21.Bxg6 Kd7 22.Rxf7+ Kc6
23.Nxb4+ Kb6 24.Rb1 Qc4 25.Qxc4 Nxc4 26.Nxd5+ Kc5 27.Nc7 Na3 28.Rb3 Rd8 29.Bd3 Ra7
30.Rxa3  1-0

[Event "ch-Euro Youth g16"]
[Site "Albena BUL"]
[Date "2011.09.15"]
[Round "5.32"]
[White "Bass,Leenoy"]
[Black "Beshukova,Ekaterina"]
[Result "1/2-1/2"]
[WhiteElo "1594"]
[BlackElo "1873"]

1.e4 c5 2.Nf3 e6 3.d4 cxd4 4.Nxd4 a6 5.Bd3 Nf6 6.O-O Qc7 7.Kh1 d6 8.f4 Be7
9.f5 e5 10.Nb3 Nbd7 11.Qf3 b6 12.Be3 Bb7 13.c4 b5 14.cxb5 axb5 15.Rc1 Qd8
16.Nc3 b4 17.Ne2 d5 18.Ng3  1/2-1/2